000 00657cam a22002411 4500
001 sa 66001410
003 DLC
005 20260227112222.0
008 890728s1963 ii 000 0 hino
010 _asa 66001410
035 _a(OCoLC)20087246
040 _aDLC
_cWaU
_dDLC
042 _apremarc
043 _aa-ii---
050 0 0 _aPK1850
_b.T73
100 1 _aTrivedi, Sureshchandra Revashanker,
_d1931-
245 1 0 _aGujarātī sāhitya kā navīna itihāsa.
260 _c[1963]
300 _a2, 136 p.
_c19 cm.
500 _aIn Hindi.
650 0 _aGujarati literature
_xHistory and criticism.
700 1 _aJani, Vishnuprasad Kalidas,
_d1919-
999 _c67786
_d67786